000 01087nam a2200313 i 4500
003 EG-GICUC
005 20260121101714.0
008 260111s1970 ua ||||fr|||| 00| 0 ara d
040 _a EG-GICUC
_bara
_c EG-GICUC
_d EG-GICUC
_erda
041 0 _aara
082 0 4 _221
_a345.25
_b م ص . إ
092 0 4 _221
099 _aLaw1 07 345.25 م ص . إ 1970
100 0 _aمصطفي فهمي
_eمؤلف.
245 1 2 _aالإدارة المحلية في فرنسا \
_cإعداد د.مصطفي فهمي
264 1 _aالقاهرة:
_bالمنظمة العريبة للعلوم الإدارية ،
_c1970.
300 _a63؛صفحة
_c24 سم
336 _2rda content
_atext
337 _2rda media
_aComputer
338 _2rda carrier
_aOnline Resource
490 _354
504 _aيشتمل على إرجاعات ببليوجرافية.
546 _aالنص باللغة العربية
650 1 _aالقانون الإداري
_2qrmak
651 1 _2qrmak
856 4 0 _uhttps://fll.law.cu.edu.eg/fulltext/bks/B07-00254.pdf
905 _a74
942 _2ddc
_n0
_cBK
_e21
999 _c56167
_d56167